000 00495pam a2200157 4500
008 000327r20001999enk 000 1 eng
020 _a0671018086 (pbk.)
100 1 _aMcClure, Ken.
245 1 0 _aResurrection /
_cKen McClure.
260 _aLondon :
_bPocket,
_c2000.
300 _a343 p. ;
_c18 cm.
650 0 _aBiological warfare
_zScotland
_zEdinburgh
_vFiction.
650 0 _aSmallpox
_zScotland
_zEdinburgh
_vFiction.
651 0 _aEdinburgh (Scotland)
_vFiction.
655 0 7 _aSuspense fiction.
_2gsafd.
999 _c25
_d25